000 01200cam a2200301 a 4500
001 12031941
003 OSt
005 20160420171653.0
008 000606s2001 nyua b 001 0 eng
010 _a 00044291
020 _a0716738783
040 _aDLC
_cDLC
_dDLC
050 0 0 _aQB981
_b.S55 2001
082 0 0 _a523.1
_221
_bSIL 2001
100 1 _aSilk, Joseph,
_d1942-
_98147
245 1 4 _aThe big bang /
_cJoseph Silk.
250 _a3rd ed.
260 _aNew York :
_bW.H. Freeman,
_c2001.
300 _axv, 496 p. :
_bcol.ill ;
_c25 cm.
504 _aIncludes bibliographical references (p. 449-453) and index.
650 0 _aCosmology.
_93606
650 0 _aBig bang theory.
_98148
856 4 2 _3Contributor biographical information
_uhttp://www.loc.gov/catdir/enhancements/fy0667/00044291-b.html
856 4 2 _3Publisher description
_uhttp://www.loc.gov/catdir/enhancements/fy0667/00044291-d.html
906 _a7
_bcbc
_corignew
_d1
_eocip
_f20
_gy-gencatlg
942 _2ddc
_cSLOAN
999 _c3665
_d3665